000
00268nam a2200109Ia 4500
008
200302s9999 xx 000 0 und d
100
_a
Bruce Grillmeler
245
_a
Outdoor play spaces for children
260
_b
The Images Publishing
260
_c
2015
300
_a
263
999
_c
6588
_d
6588